| 000 | 00788nam a2200181 i 4500 | ||
|---|---|---|---|
| 001 | 151328 | ||
| 003 | ES-MaACL | ||
| 005 | 20250830192525.0 | ||
| 008 | 931025s1876 sp |||| | spa d | ||
| 110 | 2 |
_aAcademia Preparatoria para el Ingreso en las Especiales de Estado Mayor, Ingenieros, Artillería y Marina (Madrid) _9242159 |
|
| 245 | 1 | 0 |
_aAcademia Preparatoria para el Ingreso en las Especiales de Estado Mayor... / _cdirigida por Manuel Benítez y Parodi. |
| 260 |
_aMadrid : _b[s.n.], _c1876 ( _fTip. de Manuel Minuesa) |
||
| 300 |
_a24 p. ; _c15 cm. |
||
| 505 | 8 | _aContiene: Reglamento Orgánico de la Academia | |
| 700 | 0 |
_aBenítez y Parodi, Manuel. _927653 |
|
| 852 |
_aES-MaACL _jT-212-F-3 _z-- Enc. hol. _z-- Enc. en un vol. facticio |
||
| 999 |
_c151328 _d151328 |
||